[Event "II Open A"]
[Site "Alba Adriatica ITA"]
[Date "2009.06.02"]
[Round "6"]
[White "Celli, Dario"]
[Black "Lantini, Marco"]
[Result "1/2-1/2"]
[WhiteElo "2108"]
[BlackElo "2204"]
[PlyCount "81"]
[EventDate "2009.05.30"]

1. d4 Nf6 2. c4 e6 3. Nc3 Bb4 4. Qc2 O-O 5. a3 Bxc3+ 6. Qxc3 b6 7. Bg5 Ba6 8.
e3 d6 9. Bd3 Nbd7 10. Ne2 e5 11. O-O h6 12. Bh4 Qe7 13. f3 exd4 14. exd4 d5 15.
Rfe1 c5 16. Bf2 Rfc8 17. Nf4 Qd6 18. cxd5 Nxd5 19. Nxd5 Bxd3 20. Qxd3 Qxd5 21.
Qe4 Qb3 22. dxc5 Nxc5 23. Bxc5 bxc5 24. Re2 c4 25. Rc1 Rab8 26. Qd4 a5 27. Rc3
Qa2 28. Qd2 Qb1+ 29. Kf2 Qf5 30. Qe3 Qb5 31. Qc1 Rb6 32. Rec2 Rbc6 33. b3 Qb6+
34. Kf1 Qb8 35. Rxc4 Rxc4 36. Rxc4 Rd8 37. Qc2 Qxh2 38. Rc8 Qh1+ 39. Kf2 Qh4+
40. Kf1 Qh1+ 41. Kf2 1/2-1/2

[Event "II Open A"]
[Site "Alba Adriatica ITA"]
[Date "2009.06.02"]
[Round "6"]
[White "Crippa, Mario"]
[Black "Marozzi, Giovanni"]
[Result "1/2-1/2"]
[WhiteElo "1840"]
[BlackElo "2003"]
[PlyCount "115"]
[EventDate "2009.05.30"]

1. e4 e5 2. Nf3 Nf6 3. Nc3 Bb4 4. d3 Nc6 5. Bd2 d5 6. exd5 Nxd5 7. Nxd5 Bxd2+
8. Qxd2 Qxd5 9. Be2 h6 10. O-O Bf5 11. Qc3 O-O-O 12. a4 a5 13. Rfe1 f6 14. Nh4
Bd7 15. Bf3 Qd4 16. Ng6 Qxc3 17. bxc3 Rhe8 18. Rab1 b6 19. Kf1 Ne7 20. Nxe7+
Rxe7 21. Ra1 Re6 22. Bd5 Rd6 23. c4 Bc6 24. Bxc6 Rxc6 25. Rab1 Rd4 26. f3 Kd7
27. Kf2 Re6 28. Rb5 Kc6 29. g3 g5 30. Re4 Rxe4 31. fxe4 g4 32. Ke3 h5 33. c3
Re8 34. d4 Kd6 35. Rb1 f5 36. Rd1 c6 37. d5 fxe4 38. Kxe4 Rf8 39. dxc6+ Kxc6
40. Rd2 Rf3 41. Kxe5 Rxc3 42. Kd4 Ra3 43. Rf2 Rxa4 44. Rf5 h4 45. Rg5 hxg3 46.
hxg3 Ra1 47. Rxg4 Rd1+ 48. Kc3 Rd6 49. Rg8 Re6 50. g4 Re3+ 51. Kd4 Rg3 52. Rg6+
Kb7 53. c5 bxc5+ 54. Kxc5 a4 55. Rb6+ Ka7 56. Rb4 a3 57. Ra4+ Kb7 58. Kb4
1/2-1/2

[Event "II Open A"]
[Site "Alba Adriatica ITA"]
[Date "2009.06.02"]
[Round "6"]
[White "D'Angelo, Angelo"]
[Black "Martella, Antonio"]
[Result "1/2-1/2"]
[WhiteElo "2249"]
[BlackElo "1850"]
[PlyCount "37"]
[EventDate "2009.05.30"]

1. d4 d5 2. c4 e6 3. Nc3 Nf6 4. Bg5 Be7 5. e3 Nbd7 6. Nf3 O-O 7. Rc1 c6 8. Bd3
dxc4 9. Bxc4 Nd5 10. Bxe7 Qxe7 11. O-O Nxc3 12. Rxc3 e5 13. Bb3 exd4 14. exd4
Nf6 15. Re1 Qd6 16. Ne5 Bf5 17. Rf3 Bg6 18. Nxg6 hxg6 19. Rg3 1/2-1/2

[Event "II Open A"]
[Site "Alba Adriatica ITA"]
[Date "2009.06.02"]
[Round "6"]
[White "Di Martino, Antonio"]
[Black "Barnabei, Stefano"]
[Result "1/2-1/2"]
[WhiteElo "1865"]
[BlackElo "1742"]
[PlyCount "44"]
[EventDate "2009.05.30"]

1. e4 c5 2. Nf3 Nc6 3. d4 cxd4 4. Nxd4 a6 5. c4 d6 6. Nc3 Nf6 7. Be2 e6 8. O-O
Be7 9. Be3 Bd7 10. f4 O-O 11. Bf3 e5 12. Nxc6 Bxc6 13. fxe5 dxe5 14. Nd5 h6 15.
Qc2 Rc8 16. Rad1 Qe8 17. b3 b5 18. c5 a5 19. a3 Bd8 20. b4 axb4 21. axb4 Qe6
22. Qe2 Ra8 1/2-1/2

[Event "II Open A"]
[Site "Alba Adriatica ITA"]
[Date "2009.06.02"]
[Round "6"]
[White "Giacchetti, Lorenzo"]
[Black "Pierantozzi, Stanislao"]
[Result "0-1"]
[WhiteElo "1834"]
[BlackElo "1950"]
[PlyCount "128"]
[EventDate "2009.05.30"]

1. e4 c5 2. Nf3 d6 3. d4 cxd4 4. Nxd4 Nf6 5. Nc3 g6 6. Be3 Bg7 7. Bc4 O-O 8. f3
Nc6 9. Qd2 Nxd4 10. Bxd4 Qa5 11. g4 Be6 12. Bxe6 fxe6 13. O-O-O Rac8 14. Kb1
Rc4 15. h4 Nxe4 16. Qe3 Rxd4 17. Rxd4 Nxc3+ 18. bxc3 Bxd4 19. Qxe6+ Rf7 20.
cxd4 Qb4+ 21. Kc1 Qxd4 22. Kb1 Qb4+ 23. Kc1 Qa3+ 24. Kb1 Qxf3 25. Rg1 Qf6 26.
Qc8+ Kg7 27. h5 g5 28. Qxb7 Qd4 29. Qb2 Qxb2+ 30. Kxb2 Rf4 31. Rg3 e5 32. Kb3
Kf6 33. a4 e4 34. Kc4 Ke5 35. Rb3 Rxg4 36. Rb7 d5+ 37. Kc3 Rg3+ 38. Kd2 d4 39.
Rxh7 Rg2+ 40. Kd1 Kf4 41. Rf7+ Ke3 42. Kc1 Rg1+ 43. Kb2 Rh1 44. Rxa7 Rxh5 45.
Rg7 Rh2 46. Kb3 Kf4 47. Kc4 Rxc2+ 48. Kxd4 Rd2+ 49. Kc3 Rd8 50. Rf7+ Ke3 51.
Rg7 Rd5 52. Rg8 Rc5+ 53. Kb4 Re5 54. a5 Kf4 55. Rf8+ Kg3 56. a6 Re7 57. Kc4 e3
58. Kd3 e2 59. a7 Re3+ 60. Kc4 e1=Q 61. a8=Q Qc3+ 62. Kd5 Re5+ 63. Kd6 Qc5+ 64.
Kd7 Re7+ 0-1

[Event "II Open A"]
[Site "Alba Adriatica ITA"]
[Date "2009.06.02"]
[Round "6"]
[White "Ljubisavljevic, Zivojin Z."]
[Black "Mrdja, Milan"]
[Result "1/2-1/2"]
[WhiteElo "2278"]
[BlackElo "2431"]
[PlyCount "24"]
[EventDate "2009.05.30"]

1. d4 g6 2. e4 Bg7 3. c3 d6 4. f4 Nf6 5. e5 Nfd7 6. Nf3 c5 7. h4 cxd4 8. cxd4
Nb6 9. h5 dxe5 10. h6 Bf8 11. fxe5 Nc6 12. Nc3 f6 1/2-1/2

[Event "II Open A"]
[Site "Alba Adriatica ITA"]
[Date "2009.06.02"]
[Round "6"]
[White "Luigini, Ottavio"]
[Black "Lalic, Bogdan"]
[Result "0-1"]
[WhiteElo "2055"]
[BlackElo "2508"]
[PlyCount "102"]
[EventDate "2009.05.30"]

1. c4 Nf6 2. Nc3 e5 3. Nf3 Nc6 4. g3 Nd4 5. Bg2 Nxf3+ 6. Bxf3 Bb4 7. O-O O-O 8.
d3 h6 9. Bd2 Re8 10. Qc2 c6 11. a3 Bf8 12. Rac1 d5 13. cxd5 cxd5 14. Rfd1 Be6
15. b4 Rc8 16. Qb2 Qd7 17. Be1 Bg4 18. Bh1 h5 19. f3 Be6 20. e4 d4 21. Ne2 Qb5
22. Rb1 Nd7 23. f4 Bg4 24. h3 Bxh3 25. fxe5 Nxe5 26. Nxd4 Qd7 27. Nf3 Nxd3 28.
Qe2 Rcd8 29. Kh2 Be6 30. Ne5 Qb5 31. Nxd3 Bc4 32. a4 Bxd3 33. axb5 Bxe2 34.
Rxd8 Rxd8 35. Ra1 Bxb5 36. Rxa7 Bc6 37. b5 Bxb5 38. Rxb7 Be2 39. Ba5 Ra8 40.
Bc7 Ra2 41. Rb8 Bf3+ 42. Kg1 Ra1+ 43. Kf2 Bxh1 44. Bd6 Kh7 45. Rxf8 Kg6 46. e5
Bd5 47. Rb8 Kf5 48. Rb5 Be6 49. Rb4 g5 50. Be7 Ra2+ 51. Ke3 Rg2 0-1

[Event "II Open A"]
[Site "Alba Adriatica ITA"]
[Date "2009.06.02"]
[Round "6"]
[White "Piscitelli, Vito"]
[Black "Santurbano, Maria Vincenza"]
[Result "1-0"]
[WhiteElo "2047"]
[BlackElo "1929"]
[PlyCount "89"]
[EventDate "2009.05.30"]

1. e4 e5 2. Nf3 Nc6 3. Bc4 Nf6 4. d3 d5 5. exd5 Nxd5 6. O-O Nb6 7. Bb5 Bd6 8.
Re1 O-O 9. Bxc6 bxc6 10. Nxe5 Qf6 11. Nf3 Bg4 12. Nc3 Rfe8 13. Re4 Bf5 14.
Rxe8+ Rxe8 15. Bg5 Qe6 16. Qd2 Nd5 17. Re1 Qd7 18. Rxe8+ Qxe8 19. Nxd5 cxd5 20.
Bf4 Qe7 21. Bxd6 Qxd6 22. Qe3 h6 23. Qe8+ Qf8 24. Qe5 Qc8 25. Qxd5 Be6 26. Qd4
c5 27. Qa4 Qb8 28. b3 c4 29. dxc4 Qd6 30. Qa5 Qd1+ 31. Qe1 Qxc2 32. Nd4 Qxa2
33. Nxe6 fxe6 34. Qxe6+ Kh7 35. Qe4+ Kg8 36. Qd3 Qa1+ 37. Qf1 Qb2 38. Qd1 Qc3
39. h3 a5 40. Kh2 Qe5+ 41. g3 Qb2 42. Kg2 Qc3 43. Qd5+ Kh7 44. c5 Qb4 45. c6
1-0

[Event "C.to Regionale Calabria"]
[Site "Amantea ITA"]
[Date "2009.05.30"]
[Round "1"]
[White "Abatino, Maurizio"]
[Black "Fittante, Enrico"]
[Result "1-0"]
[WhiteElo "2174"]
[BlackElo "1479"]
[PlyCount "165"]
[EventDate "2009.05.30"]

1. d4 d5 2. c4 c6 3. Nf3 Nf6 4. e3 e6 5. Bd3 Be7 6. O-O O-O 7. Nbd2 Nbd7 8. b3
b6 9. Bb2 Bb7 10. Rc1 Rc8 11. Ne5 Nxe5 12. dxe5 Ne8 13. Qe2 g6 14. Rfd1 Ng7 15.
Bb1 Rc7 16. Nf3 Qc8 17. Bd3 c5 18. Rc2 Rd8 19. Rdc1 dxc4 20. Bxc4 Qa8 21. Ne1
Rcd7 22. Bc3 Nf5 23. Rb2 Nh4 24. f3 Nf5 25. Nc2 Bg5 26. a4 a5 27. Rbb1 h5 28.
Rf1 Bh6 29. Rbe1 Ne7 30. e4 Bg7 31. Qf2 Ba6 32. Ne3 Bxc4 33. Nxc4 Qb8 34. Qb2
Nc6 35. f4 Ne7 36. Qc2 Nc6 37. Rd1 Ne7 38. Rxd7 Rxd7 39. Nd6 Nc8 40. Nc4 Qc7
41. Rd1 Bh6 42. g3 Qd8 43. Rxd7 Qxd7 44. Qd2 Qxd2 45. Bxd2 Kf8 46. Kf2 Ke7 47.
Ke2 Kd7 48. Kf3 Kc6 49. h3 Kd7 50. g4 hxg4+ 51. hxg4 Bf8 52. f5 gxf5 53. exf5
exf5 54. gxf5 Kc7 55. Bf4 Kd7 56. Ke4 Kc6 57. f6 Kd7 58. Kf5 Kc6 59. e6 fxe6+
60. Kxe6 b5 61. axb5+ Kxb5 62. Kf7 a4 63. bxa4+ Kxc4 64. Kxf8 Kd5 65. Kg7 Nb6
66. f7 Nd7 67. a5 Kc6 68. Kh6 Kb5 69. Bd2 c4 70. Bc3 Nf8 71. Kg5 Nh7+ 72. Kf5
Nf8 73. Kf6 Nh7+ 74. Ke6 Nf8+ 75. Ke7 Nh7 76. Kd7 Nf8+ 77. Kc7 Ka6 78. Kc6 Ng6
79. Kc5 Nf8 80. Kxc4 Ng6 81. Bg7 Kxa5 82. Kd5 Kb6 83. Ke6 1-0

[Event "C.to Regionale Calabria"]
[Site "Amantea ITA"]
[Date "2009.05.30"]
[Round "1"]
[White "De Crea, Francesco"]
[Black "Garofalo, Massimo"]
[Result "1/2-1/2"]
[WhiteElo "1470"]
[BlackElo "1996"]
[PlyCount "55"]
[EventDate "2009.05.30"]

1. e4 c5 2. Nf3 d6 3. Bc4 e6 4. Nc3 a6 5. O-O Nf6 6. d4 b5 7. Be2 b4 8. Nb1
Nxe4 9. Nbd2 Bb7 10. Bd3 Nxd2 11. Bxd2 Be7 12. c3 Nc6 13. dxc5 dxc5 14. Be2 O-O
15. a3 Bf6 16. axb4 cxb4 17. cxb4 Qe7 18. b5 axb5 19. Bxb5 Bxb2 20. Rb1 Bf6 21.
Bxc6 Bxc6 22. Bb4 Qa7 23. Bxf8 Rxf8 24. Qe2 Qa3 25. Qe3 Qa4 26. Rb3 Bd5 27.
Rbb1 h6 28. h3 1/2-1/2

[Event "C.to Regionale Calabria"]
[Site "Amantea ITA"]
[Date "2009.05.30"]
[Round "1"]
[White "Greco, Simone"]
[Black "Caputo, Francesco"]
[Result "0-1"]
[WhiteElo "1377"]
[BlackElo "1584"]
[PlyCount "96"]
[EventDate "2009.05.30"]

1. e4 e5 2. Nf3 Nc6 3. Bb5 a6 4. Bxc6 dxc6 5. Nc3 Bd6 6. O-O Nf6 7. d4 Bg4 8.
d5 cxd5 9. Bg5 d4 10. Nd5 h6 11. Bh4 g5 12. Bg3 Nxe4 13. Qe1 Bxf3 14. gxf3 Nxg3
15. fxg3 c6 16. Nb4 Bxb4 17. Qxb4 Qe7 18. Qxe7+ Kxe7 19. Rae1 f6 20. f4 gxf4
21. gxf4 Rhg8+ 22. Kh1 Ke6 23. fxe5 fxe5 24. Re2 Rg5 25. Ref2 Rg6 26. h4 Kd5
27. Rf6 Rag8 28. h5 Rg5 29. R6f2 Rxh5+ 30. Rh2 Rxh2+ 31. Kxh2 Rg5 32. Rf7 Rh5+
33. Kg3 b6 34. Rf6 Rg5+ 35. Kf3 h5 36. c4+ Kxc4 37. Rxc6+ Kb5 38. Re6 a5 39. b3
Kc5 40. Ke4 b5 41. a3 a4 42. b4+ Kc4 43. Rb6 Rg3 44. Rh6 Re3+ 45. Kf5 d3 46.
Rxh5 d2 47. Rh1 Re1 48. Rxe1 dxe1=Q 0-1

[Event "C.to Regionale Calabria"]
[Site "Amantea ITA"]
[Date "2009.05.30"]
[Round "1"]
[White "Ielapi, Vito"]
[Black "Sorbara, Emilio"]
[Result "0-1"]
[WhiteElo "1911"]
[BlackElo "1446"]
[PlyCount "24"]
[EventDate "2009.05.30"]

1. d4 d5 2. Nf3 Nc6 3. e3 e6 4. c3 Bd6 5. Bd3 e5 6. dxe5 Nxe5 7. Nxe5 Bxe5 8.
O-O Nf6 9. Nd2 Bg4 10. Nf3 Qd6 11. h3 Bh2+ 12. Kh1 12... h5 {phone default} 0-1

[Event "C.to Regionale Calabria"]
[Site "Amantea ITA"]
[Date "2009.05.30"]
[Round "1"]
[White "Nicoletta, Oscare"]
[Black "Berardi, Emiliano"]
[Result "0-1"]
[WhiteElo "1368"]
[BlackElo "1506"]
[PlyCount "64"]
[EventDate "2009.05.30"]

1. d3 e5 2. e4 d6 3. Be3 Nf6 4. Nc3 Be7 5. d4 exd4 6. Bxd4 Nc6 7. Be3 O-O 8.
Nd5 Nxe4 9. Bd3 Nf6 10. Bg5 Nxd5 11. Bxe7 Qxe7+ 12. Ne2 Nf6 13. O-O Bg4 14. Re1
Rfe8 15. f3 Bh5 16. Nd4 Qxe1+ 17. Qxe1 Rxe1+ 18. Rxe1 Nxd4 19. c3 Nc6 20. Be4
Nxe4 21. Rxe4 Kf8 22. Rh4 Bg6 23. g4 Ne5 24. f4 Nf3+ 25. Kf2 Nxh4 26. f5 Bxf5
27. gxf5 Nxf5 28. Kf3 Ke7 29. Kg4 Kf6 30. h4 Re8 31. Kh5 Re4 32. a4 Rxh4# 0-1

[Event "C.to Regionale Calabria"]
[Site "Amantea ITA"]
[Date "2009.05.30"]
[Round "1"]
[White "Scalise, Sandro"]
[Black "Cicero, Angelo"]
[Result "1-0"]
[WhiteElo "1586"]
[BlackElo "1428"]
[PlyCount "49"]
[EventDate "2009.05.30"]

1. d4 d5 2. Nc3 Nf6 3. Bg5 Bf5 4. f3 Nc6 5. Bxf6 gxf6 6. e4 dxe4 7. fxe4 Bg6 8.
d5 Ne5 9. Nf3 Nxf3+ 10. Qxf3 e6 11. O-O-O Bb4 12. Bb5+ c6 13. dxc6 O-O 14. Rxd8
Rfxd8 15. cxb7 Rab8 16. Qxf6 Bh5 17. Bd3 Bxc3 18. bxc3 Rxb7 19. Qxd8+ Kg7 20.
Qg5+ Kf8 21. Qxh5 Rc7 22. Rf1 a5 23. Qh6+ Ke8 24. Bb5+ Kd8 25. Qf8# 1-0

[Event "C.to Regionale Calabria"]
[Site "Amantea ITA"]
[Date "2009.05.30"]
[Round "1"]
[White "Vacchiano, Salvatore"]
[Black "Mercurio, Rosario"]
[Result "1-0"]
[WhiteElo "1512"]
[BlackElo "1372"]
[PlyCount "115"]
[EventDate "2009.05.30"]

1. e4 e6 2. d4 d5 3. Nc3 Bb4 4. Nge2 dxe4 5. a3 Ba5 6. b4 Bb6 7. Nxe4 Nc6 8.
Be3 Nf6 9. Nxf6+ Qxf6 10. c3 Ne7 11. Ng3 Nd5 12. Ne4 Qh4 13. Qd3 a6 14. Be2 Bd7
15. Bg5 Bb5 16. Bxh4 Bxd3 17. Bxd3 f5 18. Nc5 O-O 19. O-O Nf4 20. Bc4 Bxc5 21.
bxc5 Kf7 22. g3 Nh5 23. d5 exd5 24. Bxd5+ Kg6 25. Bxb7 Ra7 26. Bf3 Kh6 27. g4
fxg4 28. Bxg4 g5 29. Bg3 Nxg3 30. fxg3 Rg8 31. Rae1 Raa8 32. Re6+ Rg6 33. Rff6
Rxf6 34. Rxf6+ Kg7 35. Rc6 Ra7 36. Bc8 a5 37. Kf2 Kf7 38. Ke3 Ke7 39. Rh6 Kd8
40. Bf5 Rb7 41. a4 Rb3 42. Kd4 Ra3 43. Rxh7 Rxa4+ 44. Kd5 Ra3 45. Ke6 c6 46.
Kd6 Ke8 47. Rg7 Rxc3 48. Kxc6 Rf3 49. Bd7+ Kf8 50. Rxg5 a4 51. Rf5+ Rxf5 52.
Bxf5 Ke7 53. Bb1 Ke6 54. Kb7 Kd5 55. c6 Kc4 56. Ba2+ Kc3 57. c7 Kb2 58. Bg8 1-0

[Event "C.to Regionale Calabria"]
[Site "Amantea ITA"]
[Date "2009.05.31"]
[Round "2"]
[White "Berardi, Emiliano"]
[Black "Rizzuti, Pasquale"]
[Result "0-1"]
[WhiteElo "1506"]
[BlackElo "1814"]
[PlyCount "42"]
[EventDate "2009.05.30"]

1. d4 c5 2. e3 Nf6 3. Bd3 d5 4. c3 c4 5. Bc2 Bg4 6. Nf3 Nc6 7. Nbd2 e6 8. O-O
Bd6 9. Qe2 O-O 10. e4 dxe4 11. Nxe4 Nxe4 12. Bxe4 Na5 13. Re1 Rc8 14. h3 Bh5
15. Qe3 f5 16. Bc2 Re8 17. Bd2 b5 18. a3 Nc6 19. Bd1 f4 20. Qe4 Bg6 21. Qe2 Bd3
0-1

[Event "C.to Regionale Calabria"]
[Site "Amantea ITA"]
[Date "2009.05.31"]
[Round "2"]
[White "Caputo, Francesco"]
[Black "Abatino, Maurizio"]
[Result "0-1"]
[WhiteElo "1584"]
[BlackElo "2174"]
[PlyCount "48"]
[EventDate "2009.05.30"]

1. e4 e6 2. d4 d5 3. exd5 exd5 4. Nc3 Bb4 5. Bd3 Ne7 6. Qh5 Nbc6 7. Nf3 Be6 8.
Ng5 Qd7 9. Nxh7 O-O-O 10. Be3 Nf5 11. g4 Nxe3 12. fxe3 g6 13. Qh6 Bxg4 14. O-O
f5 15. Qxg6 Qxh7 16. Qxh7 Rxh7 17. Bxf5+ Bxf5 18. Rxf5 Rg8+ 19. Kh1 Ne7 20. Rf2
c6 21. Raf1 Kd7 22. Rf7 Rgg7 23. Rxg7 Rxg7 24. e4 Bxc3 0-1

[Event "C.to Regionale Calabria"]
[Site "Amantea ITA"]
[Date "2009.05.31"]
[Round "2"]
[White "De Rasis, Giovanni"]
[Black "Costantino, Gregorio"]
[Result "1-0"]
[WhiteElo "1873"]
[BlackElo "1440"]
[PlyCount "51"]
[EventDate "2009.05.30"]

1. d4 g6 2. c4 d6 3. Nc3 e6 4. e4 Bg7 5. Bd3 Ne7 6. Nge2 Nd7 7. Be3 b6 8. Qd2
h6 9. O-O Bb7 10. Rad1 a6 11. a3 g5 12. f4 Ng6 13. f5 Ne7 14. fxe6 fxe6 15.
Bxg5 Nf8 16. Bf6 Bxf6 17. Rxf6 Ng8 18. Rxf8+ Kxf8 19. Rf1+ Nf6 20. e5 Ke8 21.
Rxf6 Kd7 22. exd6 Qxf6 23. d5 e5 24. Ng3 Raf8 25. Bf5+ Kxd6 26. Nge4+ 1-0

[Event "C.to Regionale Calabria"]
[Site "Amantea ITA"]
[Date "2009.05.31"]
[Round "2"]
[White "Familari, Giuseppe"]
[Black "Sansosti, Simona"]
[Result "1-0"]
[WhiteElo "1861"]
[BlackElo "1410"]
[PlyCount "45"]
[EventDate "2009.05.30"]

1. e4 e5 2. Nf3 Nc6 3. d4 exd4 4. Bc4 Be7 5. Nxd4 Nf6 6. Nc3 Ne5 7. Bb3 c6 8.
f4 Ng6 9. e5 Ng8 10. Be3 d5 11. exd6 Bxd6 12. Qd2 N8e7 13. O-O-O Nf5 14. Nxf5
Bxf5 15. Qxd6 Qxd6 16. Rxd6 O-O 17. h3 Rfe8 18. Bd2 Nh4 19. g4 Be4 20. Nxe4
Rxe4 21. Rd7 Nf3 22. Rxf7 Nxd2 23. Kxd2 1-0

[Event "C.to Regionale Calabria"]
[Site "Amantea ITA"]
[Date "2009.05.31"]
[Round "2"]
[White "Garofalo, Massimo"]
[Black "Zampaglione, Davide"]
[Result "1-0"]
[WhiteElo "1996"]
[BlackElo "1608"]
[PlyCount "123"]
[EventDate "2009.05.30"]

1. d4 d5 2. c4 Nf6 3. cxd5 Nxd5 4. e4 Nf6 5. Nc3 e6 6. Nf3 Bb4 7. Qa4+ Nc6 8.
Bb5 Bxc3+ 9. bxc3 Bd7 10. Bg5 h6 11. Bxf6 Qxf6 12. e5 Qe7 13. Qc2 O-O 14. Bd3
f6 15. Nh4 f5 16. Ng6 Qg5 17. Nxf8 Qxg2 18. Nxd7 Qxh1+ 19. Bf1 b6 20. O-O-O Qd5
21. Nf6+ gxf6 22. exf6 Rf8 23. Ba6 Rxf6 24. Bb7 Qd6 25. Qa4 Na5 26. Rg1+ Kf8
27. d5 Nxb7 28. Qh4 Qe7 29. Qg3 Qf7 30. dxe6 Rxe6 31. Qf3 c6 32. Qf4 Nc5 33.
Qb8+ Re8 34. Qd6+ Re7 35. Qxh6+ Qg7 36. Rxg7 Rxg7 37. Kc2 Kg8 38. Qxc6 Ne4 39.
Qe8+ Kh7 40. Qh5+ Kg8 41. Qxf5 Nc5 42. h4 Rf7 43. Qg6+ Kf8 44. f4 Rg7 45. Qh6
Kg8 46. Qc6 Rf7 47. f5 Rxf5 48. Qc8+ Rf8 49. Qg4+ Kh7 50. a4 Rf2+ 51. Kd1 a5
52. Qh5+ Kg7 53. Qg5+ Kh7 54. h5 Nxa4 55. Qg6+ Kh8 56. Qe8+ Kh7 57. Qxa4 Kh6
58. Qc6+ Kxh5 59. Qxb6 Rf3 60. Qxa5+ Kg6 61. Qb6+ Kf7 62. Qb7+ 1-0

[Event "C.to Regionale Calabria"]
[Site "Amantea ITA"]
[Date "2009.05.31"]
[Round "2"]
[White "Olivo, Paolo"]
[Black "Sorbara, Emilio"]
[Result "1-0"]
[WhiteElo "1649"]
[BlackElo "1446"]
[PlyCount "74"]
[EventDate "2009.05.30"]

1. e4 e5 2. Nf3 Nc6 3. d4 exd4 4. Nxd4 Qf6 5. c3 Bc5 6. Be3 Nge7 7. Bb5 O-O 8.
O-O Bb6 9. Nc2 d6 10. Re1 a6 11. Bxb6 cxb6 12. Bf1 Ne5 13. Nd2 N7g6 14. Ne3 Be6
15. Nd5 Bxd5 16. exd5 Rad8 17. Re3 Qe7 18. g3 Qd7 19. Bg2 Ng4 20. Re2 f5 21.
Nf3 f4 22. Nd4 Rde8 23. h3 N4e5 24. Re4 fxg3 25. fxg3 Rf6 26. Qe2 Ne7 27. c4 h6
28. Ne6 Nf5 29. Kh2 Rg6 30. Qf2 Nxg3 31. Qxg3 Rxg3 32. Kxg3 g5 33. Rf1 b5 34.
b3 bxc4 35. bxc4 h5 36. c5 b5 37. c6 Qa7 1-0

[Event "C.to Regionale Calabria"]
[Site "Amantea ITA"]
[Date "2009.05.31"]
[Round "2"]
[White "Paragliola, Gennaro"]
[Black "Scerra, Ezio"]
[Result "1-0"]
[WhiteElo "1635"]
[BlackElo "1332"]
[PlyCount "43"]
[EventDate "2009.05.30"]

1. d4 g6 2. c4 Bg7 3. e4 c5 4. Nf3 cxd4 5. Nxd4 Nc6 6. Nxc6 bxc6 7. Nc3 d6 8.
Be2 Nf6 9. O-O Bb7 10. f3 O-O 11. Be3 Qa5 12. Qd2 Kh8 13. Bh6 Qb6+ 14. Be3 c5
15. Rab1 Rfd8 16. b4 Nd7 17. bxc5 Qa5 18. Bd4 Nxc5 19. Bxg7+ Kxg7 20. Rb5 Qc7
21. Qb2 Kf8 22. Nd5 1-0

[Event "C.to Regionale Calabria"]
[Site "Amantea ITA"]
[Date "2009.05.31"]
[Round "2"]
[White "Rametta, Marcello"]
[Black "Zampaglione, Francesco"]
[Result "1-0"]
[WhiteElo "1738"]
[BlackElo "1371"]
[PlyCount "45"]
[EventDate "2009.05.30"]

1. e4 e5 2. Bc4 Nf6 3. d3 Bc5 4. h3 O-O 5. Bg5 c6 6. Nf3 Re8 7. O-O Qb6 8. Bxf6
gxf6 9. Bb3 a5 10. Nc3 Bb4 11. Na4 Qd8 12. Nh4 d5 13. Qh5 Be7 14. exd5 cxd5 15.
Nc3 Be6 16. Nf5 Bxf5 17. Qxf5 d4 18. Ne4 Qd7 19. Qh5 Rf8 20. Ng3 Qe8 21. Nf5
Kh8 22. Bd5 Nc6 23. Be4 1-0

[Event "C.to Regionale Calabria"]
[Site "Amantea ITA"]
[Date "2009.05.31"]
[Round "2"]
[White "Serratore, Vincenzo"]
[Black "Vacchiano, Salvatore"]
[Result "1-0"]
[WhiteElo "1900"]
[BlackElo "1512"]
[PlyCount "108"]
[EventDate "2009.05.30"]

1. d4 Nf6 2. Nf3 g6 3. e3 Bg7 4. Bd3 d6 5. c3 O-O 6. Nbd2 Nbd7 7. Qe2 c5 8. O-O
a6 9. Ng5 cxd4 10. cxd4 e5 11. dxe5 Nxe5 12. Bc2 Bd7 13. a4 b5 14. f4 Bg4 15.
Ngf3 Nxf3+ 16. Nxf3 b4 17. Bd2 a5 18. Rad1 Qb6 19. Kh1 Rae8 20. h3 Bc8 21. Bd3
Nd5 22. e4 Bxb2 23. Bb5 Re7 24. Qd3 Nc3 25. Be3 Qb8 26. Rd2 Nxe4 27. Rxb2 Ng3+
28. Kg1 Nxf1 29. Kxf1 Bf5 30. Qd4 Re4 31. Qd2 Qc7 32. Bd4 Rc8 33. Kf2 Qc1 34.
Kg3 Qxd2 35. Rxd2 Re7 36. Bb6 b3 37. Rb2 Be6 38. Nd4 Rc3+ 39. Kh4 Re3 40. Nc6
g5+ 41. Kxg5 f6+ 42. Kh4 Bf7 43. Nxe7+ Rxe7 44. Bd8 Re4 45. g3 Rd4 46. Bxf6 Rd5
47. g4 Rc5 48. Bd3 h5 49. f5 hxg4 50. hxg4 Bc4 51. Bxc4+ Rxc4 52. Rxb3 Rxa4 53.
Kg5 Rb4 54. Rxb4 axb4 1-0

[Event "C.to Regionale Calabria"]
[Site "Amantea ITA"]
[Date "2009.05.31"]
[Round "2"]
[White "Valotta, Massimiliano"]
[Black "Mercuri, Delia"]
[Result "1/2-1/2"]
[WhiteElo "1864"]
[BlackElo "1439"]
[PlyCount "126"]
[EventDate "2009.05.30"]

1. e4 e5 2. Nf3 d6 3. Bc4 Bg4 4. d3 Nf6 5. Nc3 Nc6 6. h3 Bxf3 7. gxf3 Nd4 8.
Be3 Nc6 9. a3 a6 10. f4 Qd7 11. Qd2 O-O-O 12. O-O-O Nd4 13. Bxd4 exd4 14. Nd5
Nxd5 15. Bxd5 c6 16. Bb3 Kb8 17. Qa5 f6 18. f5 Qc7 19. Qxc7+ Kxc7 20. Be6 g6
21. fxg6 Bh6+ 22. Kb1 hxg6 23. Rhg1 Bg5 24. f4 Bxf4 25. Rxg6 Be5 26. Rdg1 Rdf8
27. Rg7+ Kb6 28. Bf5 Rh4 29. Rd7 Rb8 30. Rgg7 Rf4 31. Rh7 Rf1+ 32. Ka2 d5 33.
h4 dxe4 34. dxe4 Rf2 35. Kb3 c5 36. h5 a5 37. Rhe7 a4+ 38. Kxa4 Rxc2 39. Kb3
Re2 40. h6 d3 41. Rxd3 Rxb2+ 42. Kc4 Rc2+ 43. Kd5 c4 44. Rd1 c3 45. Kc4 Rb2 46.
Kd3 Ra2 47. Rb1+ Ka7 48. h7 Rb2 49. Rxb2 cxb2 50. Kc2 Rd8 51. Bd7 Kb6 52. Re8
Rxe8 53. Bxe8 f5 54. exf5 Bf6 55. a4 Kc5 56. Bb5 b6 57. Bd7 Kd6 58. Be6 Ke7 59.
Bc4 Kf8 60. Bd3 Kg7 61. Kb3 Kxh7 62. Kb4 Kg7 63. Kb5 Bd4 1/2-1/2

[Event "C.to Regionale Calabria"]
[Site "Amantea ITA"]
[Date "2009.05.31"]
[Round "2"]
[White "Violi, Vincenzo"]
[Black "De Crea, Francesco"]
[Result "1-0"]
[WhiteElo "1644"]
[BlackElo "1470"]
[PlyCount "133"]
[EventDate "2009.05.30"]

1. e4 e5 2. Nf3 Nc6 3. Bb5 d6 4. d4 Qe7 5. d5 a6 6. Bxc6+ bxc6 7. dxc6 Nf6 8.
Bg5 h6 9. Bxf6 Qxf6 10. Nc3 Be6 11. Nd5 Bxd5 12. Qxd5 Qe6 13. c4 Be7 14. O-O
O-O 15. Nd2 Rab8 16. b3 Bg5 17. Rad1 Bxd2 18. Rxd2 Qxd5 19. cxd5 f5 20. f3 f4
21. Rb1 a5 22. Rdb2 Rb6 23. b4 a4 24. b5 Rfb8 25. Kf1 g5 26. Ke2 Kg7 27. Kd3
Kg6 28. Rb4 Ra8 29. Rc1 h5 30. Rc3 g4 31. Kc4 Kg5 32. Ra3 h4 33. h3 gxh3 34.
gxh3 Kf6 35. Rbxa4 Rxa4+ 36. Rxa4 Ke7 37. Rb4 Kd8 38. a4 Kc8 39. a5 Rb8 40. b6
cxb6 41. Rxb6 Ra8 42. Kb5 Ra7 43. Rb7 Ra8 44. a6 Kd8 45. c7+ Kc8 46. Rb8+ Rxb8+
47. cxb8=Q+ Kxb8 48. Kc6 Ka7 49. Kxd6 Kxa6 50. Kxe5 Kb7 51. Kxf4 Kc7 52. e5 Kd7
53. Kf5 Ke7 54. f4 Kf7 55. e6+ Ke7 56. Ke5 Kd8 57. d6 Ke8 58. f5 Kf8 59. f6 Ke8
60. e7 Kf7 61. d7 Kg6 62. e8=Q+ Kg5 63. Qg8+ Kh5 64. f7 Kh6 65. f8=B+ Kh5 66.
Qf7+ Kg5 67. Qf5# 1-0

[Event "C.to Regionale Calabria"]
[Site "Amantea ITA"]
[Date "2009.05.31"]
[Round "3"]
[White "Abatino, Maurizio"]
[Black "Olivo, Paolo"]
[Result "1-0"]
[WhiteElo "2174"]
[BlackElo "1649"]
[PlyCount "99"]
[EventDate "2009.05.30"]

1. d4 g6 2. c4 Bg7 3. Nc3 e6 4. Nf3 d6 5. g3 b6 6. Bg2 Bb7 7. O-O Nd7 8. Bg5
Ne7 9. Rc1 h6 10. Bd2 O-O 11. e3 a6 12. Ne2 Nf6 13. Be1 Rb8 14. b4 Nd7 15. Bc3
c5 16. a3 cxb4 17. axb4 Rc8 18. Qb3 Rc7 19. Nd2 Bxg2 20. Kxg2 Qa8+ 21. Kg1 Nf6
22. Qb1 Nh7 23. Qd3 Ng5 24. f3 f5 25. Kg2 e5 26. d5 b5 27. e4 Qc8 28. cxb5 axb5
29. Kh1 fxe4 30. fxe4 Rxf1+ 31. Rxf1 Kh7 32. Rc1 Ng8 33. Bb2 Rxc1+ 34. Bxc1 Nf6
35. Nc3 h5 36. Bb2 Nh3 37. Qf3 Ng5 38. Qe2 Ng4 39. h4 Nh3 40. Kg2 Ngf2 41. Nf3
Qg4 42. Ng5+ Kg8 43. Qxg4 hxg4 44. Nxh3 Nxh3 45. Nxb5 Bf8 46. Nc7 Be7 47. Ne6
Kf7 48. b5 g5 49. hxg5 Nxg5 50. b6 1-0